| 000 | 00606nam a2200205Ia 4500 | ||
|---|---|---|---|
| 001 | 4200 | ||
| 003 | GE_BSU | ||
| 008 | 181216s||||||||xx |||||||||||||| ||und|| | ||
| 040 | _cGE_BSU | ||
| 080 | _a622.32.002.2 | ||
| 100 | _aСкоблов,Г.М. | ||
| 245 | _aСтроительство нефтегазопромысловых объектов. | ||
| 245 | _cРед П.Р.Ершов. | ||
| 260 | _aМ. | ||
| 260 | _bНедра. | ||
| 260 | _c1970. | ||
| 300 | _a192 стр. 20 см. | ||
| 653 | _aСтроительство нефтегазопромысловых объектов. | ||
| 942 | _cBK | ||
| 999 |
_c38210 _d38210 |
||